[Event "62. Campeonato de Armenia Femenino 2008"]
[Site "Yerevan ARM"]
[Date "2008.01.22"]
[Round "9.5"]
[White "Galojan, Lilit"]
[Black "Gasparian, Mariana"]
[Result "1-0"]
[WhiteElo "2307"]
[BlackElo "2070"]
[PlyCount "61"]
[EventDate "2008.01.14"]
[EventType "tourn"]
[EventRounds "9"]
[EventCountry "ARM"]
[Source "lmi"]
[SourceDate "2008.01.14"]

1. d4 d5 2. c4 c6 3. Nd2 Nf6 4. Ngf3 e6 5. g3 Bd6 6. Bg2 O-O 7. O-O Nbd7 8. Re1
b6 9. e4 dxe4 10. Ng5 Bb7 11. Ndxe4 Nxe4 12. Nxe4 Be7 13. Bf4 Nf6 14. Nc3 Rc8
15. Qa4 a5 16. Rad1 Bd6 17. Be5 Qc7 18. Qb3 Nd7 19. Bxd6 Qxd6 20. c5 Qc7 21.
Ne4 Rb8 22. Qc3 bxc5 23. dxc5 Rbd8 24. Rd6 Nb8 25. Red1 Na6 26. R1d4 e5 27.
Rxd8 Rxd8 28. Rxd8+ Qxd8 29. Nd6 Qe7 30. Qxa5 g6 31. Qb6 1-0